Az export Üzemi párt-vb előtt a Szegedi Hangszergyár munkája /
Elmentve itt :
| Szerző: | |
|---|---|
| Dokumentumtípus: | Cikk |
| Megjelent: |
1979-04-20
|
| Sorozat: | Délmagyarország
69 No. 91 |
| Kulcsszavak: | Hangszergyár |
| Online Access: | http://dmarchiv.bibl.u-szeged.hu/107385 |
| LEADER | 00484nab a2200157 i 4500 | ||
|---|---|---|---|
| 001 | delm107385 | ||
| 005 | 20190524094358.0 | ||
| 008 | 190524s1979 hu o 0|| hun d | ||
| 040 | |a SZTE Délmagyarország Archívum |b hun | ||
| 041 | |a hun | ||
| 100 | 1 | |a Lődi Ferenc | |
| 245 | 1 | 3 | |a Az export |h [elektronikus dokumentum] : |b Üzemi párt-vb előtt a Szegedi Hangszergyár munkája / |c Lődi Ferenc |
| 260 | |c 1979-04-20 | ||
| 300 | |a 3 | ||
| 490 | 0 | |a Délmagyarország |v 69 No. 91 | |
| 695 | |a Hangszergyár | ||